000 00498nam a2200181Ia 4500
001 22495
005 20260414150835.0
008 260414t2013||||xx |||||||||||||| ||spa||
041 _aESP
082 _a621.382
_bA62
100 _aAntoniou, Josephina
_eAUT
245 0 _aGame theory in communication networks :
_bcooperative resolution of interactive networking scenarios
260 _c2013
300 _a146 páginas :
_c23 cm.
650 _aTCA
654 _aCET
942 _cLIB
_dJUS
_fJUS
_2ddc
_n
999 _c22495
_d22495